Why is the Third World poor?

Αποθηκεύτηκε σε:
Λεπτομέρειες βιβλιογραφικής εγγραφής
Κύριος συγγραφέας: Gheddo, Piero
Μορφή: Βιβλίο
Γλώσσα:English
Italian
Δημοσίευση: [Maryknoll, N.Y.] : Orbys Books, [1973]
Θέματα:
Ετικέτες: Προσθήκη ετικέτας
Δεν υπάρχουν, Καταχωρήστε ετικέτα πρώτοι!

MARC

LEADER 00000cam a2200000 a 4500
001 1/113524
008 170328s1973####nyu| ||| |||| ||eng||
020 |a 0883447576  
040 |a GR-MyUa  |b gre  |c GR-MyUa  |e AACR2 
041 0 |a eng  |h ita 
082 7 |a 338.91724   |2 (23) 
100 1 |a Gheddo, Piero. 
245 1 0 |a Why is the Third World poor? /   |c by Piero Gheddo ; translated by Kathryn Sullivan.  
260 |a [Maryknoll, N.Y.] :   |b Orbys Books,   |c [1973]  
300 |a xv, 143 σ. ;   |c 21 εκ.  
500 |a Μετάφραση του: Terzo mondo: perchè povero?  
504 |a Περιλαμβάνει βιβλιογραφία.  
651 0 |a Developing countries  |x Economic conditions. 
852 |a INST  |b LESVOS  |e 20170328  |h 338.91724 GHE  |p 005100058984  |q 005100058984  |t BK  |y 0 
970 |a Τζαφέρη  |b Ευαγγελία  |z 28-03-2017